000 01187cam a2200349 a 4500
001 14881724
003 OSt
005 20211012121037.0
008 070606s2008 caua b 001 0 eng
010 _a 2007930329
015 _aGBA760302
_2bnb
016 7 _a013806060
_2Uk
020 _a9781412935487 (hbk.)
020 _a1412935482 (hbk.)
020 _a1412935490 (pbk.)
020 _a9781412935494 (pbk.)
035 _a(OCoLC)ocn163334055
040 _aUKM
_chu
_dBAKER
_dBTCTA
_dYDXCP
_dIXA
_dBWK
_dDLC
042 _alccopycat
050 0 0 _aHM711
_b.C86 2008
082 0 0 _a302.35/
_222
100 1 _aCunliffe, Ann L.
_912808
245 1 0 _aOrganization theory /
_cAnn L. Cunliffe.
260 _aLos Angeles ;
_aLondon :
_bSAGE,
_c2008.
300 _a178 p. :
_bill. ;
_c21 cm.
440 0 _aSAGE course companions : knowledge and skills for success
_912809
504 _aIncludes bibliographical references (p. [171]-173) and index.
650 0 _aOrganizational sociology.
_912661
906 _a7
_bcbc
_ccopycat
_d2
_eepcn
_f20
_gy-gencatlg
942 _2ddc
_cBOOKS
_n0
999 _c11891
_d11891